000 00270pam a2200121 a 4500
020 _c
041 _aeng
100 _aIoyrish, Naum .
245 _aBees and people
_hTextual Documents
260 _aMoscow :
_bMIR PUBLISHERS ,
_c1977.
300 _a212 p.
930 _a16423
999 _c93323
_d93323